01183nam a2200313   4500003000900000005001700009008004100026040004600067041000800113082002400121092000700145099003300152100003100185245011200216264005200328300002200380336002200402337002400424338003300448504005200481546002000533650002900553651001000582856005700592905000700649942001900656999001700675952017700692EG-GICUC20260121101245.0251119s1975    nyu||||fr|||| 001 0 ara d  a EG-GICUCbengc EG-GICUCd EG-GICUCerda0 aeng04221a341.84bj a . c04221  aLaw1 12	341.84 J A . C	 19750 aJackson, David C.eAuthor.14aThe ”conflicts” process :bjurisdiction and choice in private international law /cby David C. Jackson.  aDobbs Ferry, N.Y. :bOceana Publications,c1975  a408 :pagesc24 cm  2rda contentatext  2rda mediaaComputer  2rda carrieraOnline Resource  aIncludes bibliographical references and index.
  aText in English1 aConflict of laws.2qrmak1 2qrmak40uhttps://fll.law.cu.edu.eg/fulltext/bks/B12-00651.pdf  a75  2ddcn0cBKe21  c44593d44593  00102ddc40718القانون الدولي الخاصaCUbLAW1d2025-11-19l0oLaw1 12	341.84 J A . C	 1975 1200651	C1pB12-00651r2025-11-19 09:28:05t1w2025-11-19yBK